Quizzes
Events
Quiz Creation
Community
Videos
Private Events
Remove Ads
Sign In
Join for FREE
Feedback
Dark Mode
Quiz Categories
Sports
Geography
Music
Movies
Television
Just For Fun
Miscellaneous
History
Literature
Language
Science
Gaming
Entertainment
Religion
Holiday
For Kids
Quiz Lab
Recent
Popular Today
Quiz Kudos Today
Editor Picks
Curator Picks
Quizzes by...
Day
Popularity
Type
Ratings
Length
Year
Community
Subscriptions
Recent Discussions
Orange Saloon
Badges
Playlists
Quests
Create
Leaderboards
Showdown
Live 5
Trivia Bingo
Activity
Puzzle Library
Sporcle Events
Private Events
Virtual Trivia
Globe League
Become a Host
Pub Owners
SporcleCon
Opinionation
Our Games
Videos
Blog
Mobile Apps
Partnerships
Remove Ads and Go Orange
Feedback
Sports
Athletes
MLB
NBA
NHL
NFL
Soccer
Sports Teams
WWE
NCAA
Football
Premier League
Basketball
Baseball
Hockey
Golf
Tennis
Cricket
Rugby
Auto Racing
Olympics
World Cup
Sports
Athletes
MLB
NBA
NHL
NFL
Soccer
Sports Teams
WWE
NCAA
Football
Premier League
Basketball
Baseball
Hockey
Golf
Tennis
Cricket
Rugby
Auto Racing
Olympics
World Cup
Random Quiz
Search Sporcle
×
Quiz Lab
Quiz Lab
Sports
MLB
Type in answers that appear in a list
Type in answers that appear in a list
Classic
Best Score? Go Orange.
MLB Most Hits per Game Stats
Can you name the MLB players who averaged the most hits per game throughout their career?
By
jmnyyankees10
10m
30 Questions
208 Plays
208 Plays
208 Plays
Comments
Comments
Give Quiz Kudos
Give Quiz Kudos
-
- Ratings
hide this ad
More Info
Replay
Link that replays current quiz
Next Quiz
Link to next quiz in quiz playlist
You Got
0%
They Got
Avg Score
48%
Avg Friend Score
Upgrade to see
Score Distribution
Jump to the score distribution portion of the page
Score
0/30
Timer
10:00
0
Plays Today
Primary Team
Player
% Correct
Detroit Tigers*
Ty Cobb
97.1%
San Diego Padres*
Tony Gwynn
85.6%
Cleveland Naps*
Nap Lajoie
83.7%
New York Yankees*
Lou Gehrig
80.8%
Chicago White Stockings*
Cap Anson
78.8%
New York Yankees
Derek Jeter
78.4%
Cleveland Indians*
Tris Speaker
77.4%
St. Louis Cardinals*
Rogers Hornsby
70.7%
St. Louis Browns*
George Sisler
70.2%
Minnesota Twins*
Kirby Puckett
69.2%
New York Yankees*
Joe DiMaggio
69.2%
Philadelphia Phillies*
Ed Delahanty
59.6%
Philadelphia Athletics*
Al Simmons
54.8%
Cleveland Indians
Joe Jackson
54.3%
New York Highlanders*
Willie Keeler
51.9%
Primary Team
Player
% Correct
New York Giants*
Bill Terry
49.5%
Buffalo Bisons*
Dan Brouthers
43.3%
Philadelphia Phillies*
Billy Hamilton
40.4%
Philadelphia Phillies*
Sam Thompson
36.1%
Boston Beaneaters*
Hugh Duffy
33.7%
Cleveland Spiders
Jesse Burkett
33.2%
New York Yankees*
Earle Combs
31.7%
Washington Senators*
Heinie Manush
23.6%
New York Giants*
Jim O'Rourke
19.2%
Buffalo Bisons*
Deacon White
16.3%
Louisville Colonels
Pete Browning
12.5%
New York Giants
George Van Haltren
11.1%
Providence Grays
Paul Hines
5.8%
Buffalo Bisons
Hardy Richardson
4.8%
Cleveland Spiders
Ed McKean
4.3%
Quiz Playlist
Details
Report
Send in Message
Add To Playlist
More Info:
Minimum of 1,500 hits. *Hall of Famer.
Classic:
Type in answers that appear in a list
Last Updated: May 19, 2017
Quiz Scoreboard
CHALLENGE
Sign Up to Join the Scoreboard
Show All
Scores
Hide
Comments
May contain spoilers
Recently Published
Movies - When Are They Set?
by FPL_Elf
Movies
5m
Popular People in 1961
by mucciniale
History
6m
1-10 Letter E Words III
by El_Dandy
Language
2m
More to Explore
Quiz From the Vault
Featured Blog Post
Where Did the Easter Bunny Come From?
hide this ad
You Might Also Like...
Tags
MLB Quiz
Averaged
Career
hit
Player
total
Today's Top Quizzes in Sports
Browse Sports
hide this ad
Today's Top Quizzes in MLB
Browse MLB
Top Contributed Quizzes in Sports
1
Les meilleurs buteurs des matchs entre le PSG et l’OM
2
FIFA Club World Cup Champions
3
Les entraîneurs de l'OM et du PSG au 21e siècle
4
2022 World Cup Stars
5
Name the Premier League winners with different clubs
6
La finale Lions - Afrique du Sud 2021
7
Criteria MLB: Left Handed Sluggers
8
Les joueurs passés par le LOSC et le RC Lens
9
Players with Multiple 50 Home Run Seasons
10
MLB Players with Two .350 Batting Average Seasons
Explore More
Trending Topics
Marvel
NBA
Kpop
Anime
Crossword
Disney
Harry Potter
Song
The Office
NFL
Pokémon
Soccer
WWE
Puzzle
Country
hide this ad
More By:
jmnyyankees10
Quiz
Plays
Rating
Category
Featured
Created
MLB Highest Paid Player by Year
78,430
4.71
Sports
Apr 18, 2014
MLB HoF Highest Voting Percentage by Position
57,854
4.57
Sports
May 21, 2015
MLB Home Run Leaders by Two-Decade Span
42,410
4.71
Sports
Jul 19, 2015
MLB: Hall of Famers Active in 1990
34,790
4.82
Sports
Jan 1, 2016
MLB Hitting Leaders by Batting Hand (Career)
31,410
4.66
Sports
Mar 24, 2015
Go to Creator's Profile
Score Distribution
Quiz Creator Spotlight
jmnyyankees10
Follow
Send a Message
Quizzes Created
-
Created Quiz Play Count
-
More By This Creator
Popular Quizzes Today
1
Find the Countries of Europe - No Outlines Minefield
2
Find the US States - No Outlines Minefield
3
The Countries of the World
4
Popular People in 1961
5
US States
6
1-10 Letter E Words III
7
Find the US States
8
One Thing in Common: World Cities II
More Sports Quizzes
Washington Capitals: Top 10 Art Ross Finish
Quiz Lab
Trending Quizzes
Risky Map Clicking: Least Populous States A-Z
1-10 Letter F Words
Humor Books: The Subtitles
1-10 Letter G Words
One Thing in Common: United Kingdom
Recently Updated
Leaping Animals
pecheneg
Reality TV Shows (A-Z)
bhenderson79
Rickey Henderson's Hall of Fame Teammates
pecheneg
Champions League XIs: Arsenal
pecheneg
Quick Pick: Celebrities in WWE's Hall of Fame
aduchscher
A-Z Keypad Blitz II
pecheneg
Multiple Oscar Actors
pecheneg
Mystery Phrase Blitz: Oscar 'Best Actors'
pecheneg
F. Scott Fitzgerald Novels
LTH
Pick 3 Villains
ddd62291
Trending Topics
NBA
Kpop
Crossword
Harry Potter
Disney
Marvel
Anime
Pokémon
Country
The Office
WWE
Puzzle
Soccer
Song
NFL
Your Account Isn't Verified!
In order to create a playlist on Sporcle, you need to verify the email address you used during registration. Go to your
Sporcle Settings
to finish the process.
Report this User
Report this user for behavior that violates our
Community Guidelines
.
Details:
Send Report
Go to the Sporcle.com Mobile Site →
Comments